000 00280nam a22001217a 4500
008 170505b xxu||||| |||| 00| 0 eng d
041 _aeng
080 _a341
100 _a14
101 _aSHJ
245 _aCONTEMPORARY INTERNATIONAL KAW ISSUES
_cHHAG.G.
942 _2udc
_cBK
999 _c12786
_d12786